Statystyki dla Władca pierścieni - Postacie po zdjęciach

Kliknij tutaj aby rozwiązać quiz!

Ogólne statystyki

  • Ten quiz został rozwiązany 1 274 razy
  • Średni wynik to 15 z 21

Statystyki odpowiedzi

Odpowiedź% Poprawnych
Gandalf
98%
Legolas
97%
Frodo Baggins
96%
Sam
95%
Aragorn
94%
Boromir
88%
Pippin
88%
Saruman
86%
Gimli
83%
Merry
83%
Gollum
75%
Bilbo Baggins
70%
Faramir
70%
Elrond
68%
Arwena
62%
Galadriela
61%
Eowina
54%
Theoden
49%
Eomer
41%
Denethor
33%
Grima
33%

Rozkład punktacji

Percentyl według liczby udzielonych odpowiedzi

Procent ludzi z każdym wynikiem

Twoja historia wyników

Nie rozwiązałeś tego quizu